| 000 | 00519ctm a2200217 i 4500 | ||
|---|---|---|---|
| 005 | 20241127154456.0 | ||
| 008 | 101005s2010 sp | |||| 000 f spa | ||
| 020 | _a9789875710542 | ||
| 041 | _aESP | ||
| 082 | _a843.89 V531v | ||
| 100 |
_aVerne, Julio _97877 |
||
| 245 | 1 | 0 | _a20.000 leguas de viaje submarino |
| 260 | _aArgentina | ||
| 260 | _bGradifco | ||
| 260 | _c2007 | ||
| 300 | _a448 páginas | ||
| 650 | _aLITERATURA FRANCESA | ||
| 650 | _aNOVELA FRANCESA | ||
| 650 | _aAVENTURA | ||
| 942 |
_cLIT _2ddc |
||
| 999 |
_c10039 _d10039 |
||